000 00283nam a22001337a 4500
008 180130b xxu||||| |||| 00| 0 eng d
020 _a9781932470345
041 _aeng
080 _a61
100 _a3
101 _ashm
245 _asuper life super health
942 _2udc
_cBK
999 _c41241
_d41241